000 00492nam a2200181Ia 4500
008 151018s9999 xx 000 0 und d
082 _bRBASDV56930
_a891.463
100 _aशशीकला मेहता
245 _aतुळसा
250 _b1
260 _bनवल
_c2011
300 _a264
600 _aशशीकला मेहता
630 _aतुळसा
700 _aशशीकला मेहता
730 _aतुळसा
942 _cBOOK
999 _c1052355
_d1052352